| 000 | 00392nam a2200145Ia 4500 | ||
|---|---|---|---|
| 008 | 210210b1982 xxu||||| |||| 00| 0 eng d | ||
| 082 | _a304.6 MASP | ||
| 100 | _aMASCARENHAS (Marie Mignon). | ||
| 245 | _aPopulation education for quality of life. Ed 2. | ||
| 250 | _a | ||
| 260 |
_aNew Delhi. _bOxford & IBH Publishing Co., _c1982 |
||
| 300 | _a362 | ||
| 690 | _aPopulation | ||
| 906 | _a035823 | ||
| 999 |
_c86430 _d86430 |
||